000 02423nam a2200493 c 4500
700 _aДушков, Живодар Иванов
_eсъстав. и предг. от
_9368890
999 _c101987
_d101987
003 BLK
005 20250119004124.0
008 180409b bul|||||r ||||||| ||bul||
010 _aKNG00107045000
020 _a954-9548-53-8
040 _aBLK
041 _aBUL
_cBUL
072 7 _2bullib
_aЯ
_xАвтографи
072 7 _2bullib
_aК
_xКраезнание
080 _aПолитически партии и движения
_b329
_x(497.2)БКП(091)(092)
_z329(497.2)БКП(091)(092)
080 _aБългария през периода на общата криза на капитализма (1918-1944)
_b94(497.2)"1918/1945"
_z94(497.2)"1918/1945"
080 _aМихайлов, Георги Димитров. Български политик, ръководител на БКП и генерален секретар на Коминтерна, министър-председател
_b929 Димитров, Георги
_z929 Димитров, Георги
139 _aДругарю Димитров
_bД 58
245 1 0 _aДругарю Димитров
_bДокументалистика
_cсъстав. и предг. от Живодар Иванов Душков.
257 _aBGR
260 _bАвангард принт
_c2003
300 _a180 с.
_bс ил.
_c20 см
380 _a3
500 _aИзд. на Междунар. фонд. Георги Димитров. Клон Русе. - Съдържа и Подагели на телеграмите ; Получатели на телеграмите. - Офс. изд. - Именен показалец, Геогр. показалец, Показалец на източниците
600 1 4 _aДимитров, Георги
_9246718
650 4 _aБКП - дейци - спомени
_9241772
650 4 _aПолитици, български
_9242530
650 0 _aБългария - история, нова
_9241998
653 _aГеорги Димитров
653 _aБКП
653 _aписма
653 _aпублицистика
659 _aК
659 _aЯ
852 _aЦб 215403
852 _aК 329(092)/Д 58 Г
856 4 _qpdf
856 4 _qpdf
942 _cKNG
_n0
_s1
944 _aCR
_c16.07.2003
_k
_lCRON CRON
944 _aED
_c30.05.2014
999 _d101987